000 00474nam a22001577a 4500
005 20251108164049.0
008 250721s1992 xx 000 0 ara d
082 1 4 _a001.94/حسي
100 1 _aالحسيني، أيمن
245 1 0 _aعجائب التوائم :
_bنوادر و طرائف و غرائب /
264 1 _aالقاهرة :
_bمكتبة ابن سينا،
_c1992.
300 _a128ص.
650 1 7 _aعجائب و غرائب
942 _2ddc
_cBK
999 _c2673
_d2673